New ways to diagnose electronic troubles (Record no. 66202)
[ view plain ]
| 000 -LEADER | |
|---|---|
| fixed length control field | 00498nam a22001817a 4500 |
| 003 - CONTROL NUMBER IDENTIFIER | |
| control field | NUST - PNEC |
| 005 - DATE AND TIME OF LATEST TRANSACTION | |
| control field | 20170116180943.0 |
| 008 - FIXED-LENGTH DATA ELEMENTS--GENERAL INFORMATION | |
| fixed length control field | 150907b xxu||||| |||| 00| 0 eng d |
| 020 ## - INTERNATIONAL STANDARD BOOK NUMBER | |
| International Standard Book Number | 0830684271 |
| 040 ## - CATALOGING SOURCE | |
| Transcribing agency | LIBRARY |
| 082 ## - DEWEY DECIMAL CLASSIFICATION NUMBER | |
| Classification number | 621.381 DAR |
| 100 ## - MAIN ENTRY--PERSONAL NAME | |
| 9 (RLIN) | 8801 |
| Personal name | Darr, Jack |
| 245 ## - TITLE STATEMENT | |
| Title | New ways to diagnose electronic troubles |
| Statement of responsibility, etc. | Jack Darr |
| 250 ## - EDITION STATEMENT | |
| Edition statement | 1st ed. |
| 260 ## - PUBLICATION, DISTRIBUTION, ETC. | |
| Date of publication, distribution, etc. | c 1968 |
| 650 ## - SUBJECT ADDED ENTRY--TOPICAL TERM | |
| 9 (RLIN) | 8803 |
| Topical term or geographic name entry element | Electronic apparatus and appliances--Maintenance and repair |
| General subdivision | EL |
| 942 ## - ADDED ENTRY ELEMENTS (KOHA) | |
| Source of classification or shelving scheme | |
| Koha item type | Book |
| Withdrawn status | Lost status | Source of classification or shelving scheme | Damaged status | Not for loan | Permanent Location | Current Location | Shelving location | Date acquired | Total Checkouts | Full call number | Barcode | Date last seen | Price effective from | Koha item type |
|---|---|---|---|---|---|---|---|---|---|---|---|---|---|---|
| Pakistan Navy Engineering College (PNEC) | Pakistan Navy Engineering College (PNEC) | 621.381 DAR | PNECLIB-006662 | 09/07/2015 | Book | |||||||||
| Pakistan Navy Engineering College (PNEC) | Pakistan Navy Engineering College (PNEC) | 621.381 DAR | PNECLIB-006899 | 09/07/2015 | Book |
